Citizen power, politics, and the ""Asian miracle"" : (Record no. 6279)

MARC details
000 -LEADER
fixed length control field 01119cam a2200217 4500
001 - CONTROL NUMBER
control field 7359
005 - DATE AND TIME OF LATEST TRANSACTION
control field 20181127183457.0
008 - FIXED-LENGTH DATA ELEMENTS--GENERAL INFORMATION
fixed length control field 041018s2005 coua b 001 0 eng
010 ## - LIBRARY OF CONGRESS CONTROL NUMBER
LC control number 2004024309
020 ## - INTERNATIONAL STANDARD BOOK NUMBER
International Standard Book Number 1588263444 (hardcover : alk. paper)
082 00 - DEWEY DECIMAL CLASSIFICATION NUMBER
Classification number 330.95
Edition number 22
100 1# - MAIN ENTRY--PERSONAL NAME
Personal name Yap, O. Fiona,
Dates associated with a name 1962-
245 10 - TITLE STATEMENT
Title Citizen power, politics, and the ""Asian miracle"" :
Remainder of title reassessing the dynamics /
Statement of responsibility, etc. O. Fiona Yap.
260 ## - PUBLICATION, DISTRIBUTION, ETC.
Place of publication, distribution, etc. Boulder :
Name of publisher, distributor, etc. L. Rienner Publishers,
Date of publication, distribution, etc. 2005.
300 ## - PHYSICAL DESCRIPTION
Extent viii, 187 p. :
Other physical details ill. ;
Dimensions 24 cm.
504 ## - BIBLIOGRAPHY, ETC. NOTE
Bibliography, etc. note Includes bibliographical references (p. 157-175) and index.
505 0# - FORMATTED CONTENTS NOTE
Formatted contents note The relevance of citizen cooperation -- Politics and economics in Taiwan, South Korea, Singapore, and Malaysia -- Beyond the ""Asian miracle"" : testing for economic bargaining -- Cases of motivation : increasing accountability and transparency -- Cases of cooperation : when and why citizens invest resources -- Dynamics political economy through accountability and responsiveness.
650 #0 - SUBJECT ADDED ENTRY--TOPICAL TERM
Topical term or geographic name entry element Political participation
Geographic subdivision Asia.
651 #0 - SUBJECT ADDED ENTRY--GEOGRAPHIC NAME
Geographic name Asia
General subdivision Economic policy.
Holdings
Withdrawn status Lost status Source of classification or shelving scheme Damaged status Not for loan Collection code Home library Current library Shelving location Serial Enumeration / chronology Inventory number Total Checkouts Full call number Barcode Date last seen Price effective from Koha item type
    Dewey Decimal Classification     Main TEST RTC Library RTC Library Main opac 11315   330.95 YAP 30011113 27/11/2018 27/11/2018 Main
Royal Thimphu College || All Right Reserved